| 000 -LEADER |
| fixed length control field |
00634nam a22002177a 4500 |
| 005 - DATE AND TIME OF LATEST TRANSACTION |
| control field |
20150331045205.0 |
| 008 - FIXED-LENGTH DATA ELEMENTS--GENERAL INFORMATION |
| fixed length control field |
031014s2005 maua b 001 0 eng |
| 020 ## - INTERNATIONAL STANDARD BOOK NUMBER |
| International Standard Book Number |
0072846976 |
| 041 0# - LANGUAGE CODE |
| Language code of text/sound track or separate title |
eng |
| 080 ## - UNIVERSAL DECIMAL CLASSIFICATION NUMBER |
| Universal Decimal Classification number |
658 |
| 100 1# - Rafti |
| Rafti |
Gomez-Mejia, Luis R. |
| 245 10 - TITLE STATEMENT |
| Title |
Management : |
| Statement of responsibility, etc |
Luis R. Gomez-Mejia, David B. Balkin, Robert L. Cardy. |
| 250 ## - |
| -- |
2nd ed. |
| 260 ## - |
| -- |
Boston : |
| -- |
McGraw-Hill/Irwin, |
| -- |
2005. |
| 300 ## - |
| -- |
836 f. : |
| -- |
me il.; |
| -- |
27 cm. + |
| -- |
1 CD |
| 505 ## - |
| -- |
Index: f. 814 - 836 |
| 650 #0 - |
| -- |
Menaxhment |
| 700 1# - |
| -- |
Balkin, David B., |
| 700 1# - |
| -- |
Cardy, Robert L., |
| 942 ## - ADDED ENTRY ELEMENTS (KOHA) |
| Source of classification or shelving scheme |
|
| Item type |
Books |